000 00577nam a2200241Ia 4500
003 OSt
005 20221005131825.0
006 a|||||r|||| 00| 0
007 ta
008 221004b |||||||| |||| 00| 0 tam d
024 _a50025
037 _cTextual
040 _aCRL
_cCRL
_btam
041 _2tam
_atam
082 _aO31,3M39x, K71
100 _aJeyakanthan
245 0 _aSuya darisanam
260 _c1967
300 _a152
_ccm.
650 _aTAMIL FICTION
942 _hO31,3M39x, K71
_cTEXL
_2cc
999 _c1061525
_d1061525